Area for Social Economy in Agriculture

Sociálna ekonomika v histórii. Porovnanie charitatívnej práce, sociálnej práce, sociálneho podnikania a spoločensky zodpovedného podnikania. Sociálne problémy Slovenska. Slovenské poľnohospodárstvo, vývoj a súčasnosť. Vplyv zvýšenia zamestnanosti v poľnohospodárstve na dlhodobú nezamestnanosť.

Gespeichert in:
Bibliographische Detailangaben
1. Verfasser: Poláčková, Hana, 1968-
Format: Buchkapitel
Sprache:Slowakisch
Schlagworte:
Tags: Tag hinzufügen
Keine Tags, Fügen Sie das erste Tag hinzu!

MARC

LEADER 00000naa$a2200000$$$4500
001 0213497
005 20251210130218.9
041 0 |a slo 
044 |a SK 
245 1 0 |a Area for Social Economy in Agriculture  |c Hana Poláčková 
520 |a Sociálna ekonomika v histórii. Porovnanie charitatívnej práce, sociálnej práce, sociálneho podnikania a spoločensky zodpovedného podnikania. Sociálne problémy Slovenska. Slovenské poľnohospodárstvo, vývoj a súčasnosť. Vplyv zvýšenia zamestnanosti v poľnohospodárstve na dlhodobú nezamestnanosť. 
610 2 0 |a ekonomika sociálna 
610 2 0 |a podnikanie sociálne 
610 2 0 |a poľnohospodárstvo 
610 2 0 |a poľnohospodárstvo sociálne 
610 2 0 |a zamestnanosť 
610 2 0 |a Slovensko 
100 1 |a Poláčková, Hana, 1968-